00939 a2200193 4500003000500000005001700005010001700022020001500039040000900054082001700063100001600080245011600096260006300212300005900275505033800334650003400672651001900706700002000725Nust20220818132317.0 a 2003064794 a0130352144 cNust00a621.3822,KUO1 aKuo, Sen M.10aDigital signal processors : barchitectures, implementations, and applications /cSen M. Kuo and Woon-Seng Gan. aUpper Saddle River, N.J. :bPearson/Prentice Hall,cc2005. axviii, 601 p. :bill. ;c24 cm. +e1CD-ROM (4 3/4 in.) aIntroduction To DSP Systems (Page- 1), Fundamentals Of DSP (Page- 41), Implementation Considerations (Page- 92), Fixed-Point DSP (Page- 154), Floating Point (Page- 259), Finite Impulse Response Filtering (Page- 305).Infinite Impulse Response Filtering (Page- 377), Fast Fourier Transforms (Page- 445), Adaptive Filtering (Page- 514). 0xTelecommunication engineering a(Include CD) 1 aGan, Woon-Seng.